• 首页
  • 本馆介绍
  • 公告通知
  • 最新文献
  • 馆藏检索
  • 电子资源
  • 读者导购
  • 参考咨询
  • 我的图书馆
  • 登录
  • 详细信息显示
  • 放入我的书架
  • 预约/预借图书
  • 作者相关作品
  • 分类相关作品
  • 丛书相关作品
  • 出版社相关作品

书目信息

  • 表格格式
  • 工作单格式
  • 卡片格式
题名:
政治经济学研究报告
    
 
作者: 王振中 主编 ;中国社会科学院经济研究所 编
分册: 3  
出版信息: 北京   社会科学文献出版社  2002
页数: 528页
开本: 21cm
丛书名:
单 册:
中图分类: F0-53
科图分类:
主题词: 政治经济学--研究 , 经济体制改革--研究报告--中国
电子资源:
ISBN: 7-80149-723-6
000 00917nam0 2200229 45
001 0301161512
005 20040126092908.4
010    @a7-80149-723-6@dCNY38.00
100    @a20030116d2002 km y0chiy0120 ea
101 0  @achi
105    @a z 000yy
200 1  @a政治经济学研究报告@AZheng Zhi Jing Ji Xue Yan Jiu Bao Gao@e转轨经济的政治经济学研究@h3@EZhuan Gui Jing Ji De Zheng Zhi Jing Ji Xue Yan Jiu@f王振中主编@FWang Zhen Zhong Zhu Bian@g中国社会科学院经济研究所编
210    @a北京@c社会科学文献出版社@d2002
215    @a528页@d21cm
517    @a转轨经济的政治经济学研究@AZhuan Gui Jing Ji De Zheng Zhi Jing Ji Xue Yan Jiu
606 0  @a政治经济学@x研究
606 0  @a经济体制改革@x研究报告@y中国
690    @aF0-53@v4
701    @a王振中@4主编
711 02 @a中国社会科学院经济研究所@AZhong Guo She Hui Ke Xue Yuan Jing Ji Yan Jiu Suo@4编
801    @aCN@bTSTC@c20030116
905    @b332397-399@dF0-53@e166:3@f3
    
    政治经济学研究报告:转轨经济的政治经济学研究.3/王振中主编/中国社会科学院经济研究所编.-北京:社会科学文献出版社,2002
    528页;21cm
    
    
    ISBN 7-80149-723-6:CNY38.00
    
●
相关链接 在E读中查询图书 在五车中查询图书 在当当中查询图书 在豆瓣中查询图书


正题名:政治经济学研究报告     索取号:F0-53/166:3         预约/预借

序号 登录号 条形码 馆藏地/架位号 状态 备注
1 0332397   203323974   第一借阅区/ [索取号:F0-53/166:3] 在馆    
2 0332398   203323983   第一借阅区/ [索取号:F0-53/166:3] 在馆    
3 0332399   203323992   第一样本阅览室/ [索取号:F0-53/166:3] 在馆    
唐山师范学院图书馆 欢迎您!
大连网信软件有限公司© 版权所有